00000000nam 2200000zi 4500
0019.935559
003CaOODSP
00520241120095215
006m     o  d f      
007cr mn|||||||||
008240318t20242024quca    o    f000 0 eng d
020 |a9780660708690
040 |aCaOODSP|beng|erda|cCaOODSP
043 |an-cn-qu
0861 |aFo113-1/133-2024E-PDF
24500|aForest vulnerability to climate change : |ban integrated regional analysis for Quebec.
264 1|a[Quebec] : |bNatural Resources Canada = Ressources naturelles Canada, |c2024.
264 4|c©2024
300 |a1 online resource (2 unnumbered pages) : |bcolour illustrations.
336 |atext|btxt|2rdacontent
337 |acomputer|bc|2rdamedia
338 |aonline resource|bcr|2rdacarrier
4901 |aBranching out from the Canadian Forest Service - Laurentian Forestry Centre, |y1705-5784 ; |v133
500 |aIssued also in French under title: Vulnérabilité des forêts aux changements climatiques : une analyse régionale intégrée au Québec.
500 |aISSN of series should read 1705-5792.
650 0|aForests and forestry|xClimatic factors|zQuébec (Province)
7102 |aLaurentian Forestry Centre, |eissuing body.
77508|tVulnérabilité des forêts aux changements climatiques : |w(CaOODSP)9.935561
7760#|tForest vulnerability to climate change : |w(CaOODSP)9.935560
830#0|aBranching out from the Canadian Forest Service, Laurentian Forestry Centre ;|v133.|w(CaOODSP)9.504686
85640|qPDF|s2.55 MB|uhttps://publications.gc.ca/collections/collection_2024/rncan-nrcan/Fo113-1-133-2024-eng.pdf